000 00603nam a2200217Ii 4500
001 20416
003 CO-ViMGA
008 241108s9999||||xx |||||||||||||| ||und||
020 _a8426140739
040 _aCO-ViMGA
_bspa
_erda
_cCO-ViMGA
041 0 _aspa
084 _aC HOF2b
100 1 _aMary Hoffman
_950422
245 1 0 _aBienvenido a la familia
264 1 _aBeijing, China : Editorial Juventud, 2014
300 _avolumen
336 _atext
_btxt
_2rdacontent
337 _aunmediated
_bn
_2rdamedia
338 _avolume
_bnc
_2rdacarrier
940 _aidficha_siabuc: 20071. -- ficha_no_siabuc:20416
999 _c45106
_d45106